Les 30 premiers du Ballon d'Or 2021 - Statistiques

Statistiques générales
  • Ce quiz a été pris 3 200 fois
  • Le résultat moyen est 14 sur 30
Statistiques - réponses
Place Joueurs % Correct
1 Lionel Messi
100%
9 Kylian Mbappé
95%
6 Cristiano Ronaldo
94%
4 Karim Benzema
91%
2 Robert Lewandowski
88%
7 Mohamed Salah
80%
16 Neymar
79%
3 Jorginho
76%
8 Kevin De Bruyne
76%
5 N'Golo Kanté
73%
- Luka Modric
66%
11 Erling Haaland
57%
10 Gianluigi Donnarumma
56%
23 Harry Kane
42%
20 Riyad Mahrez
38%
- Ruben Dias
32%
12 Romelu Lukaku
31%
24 Pedri
30%
17 Luis Suarez
29%
25 Phil Foden
28%
15 Raheem Sterling
28%
13 Giorgio Chiellini
23%
19 Mason Mount
23%
14 Leonardo Bonucci
22%
21 Bruno Fernandes
17%
18 Simon Kjaer
17%
- Lautaro Martinez
16%
29 César Azpilicueta
14%
26 Nicolo Barella
13%
- Gerard Moreno
5%
Aucun quiz correspondant
Distribution des résultats
% des personnes avec chaque résultat
Percentile par nombre de réponses
Votre historique - résultats
Vous n’avez pas pris ce quiz